The deconstructive owl of Minerva : an examination of schizophrenia through philosophy, psychoanalysis and postmodernism /
Saved in:
| Main Author: | |
|---|---|
| Format: | Electronic eBook |
| Language: | English |
| Published: |
Newcastle upon Tyne, UK :
Cambridge Scholars Publishing,
2013.
|
| Subjects: | |
| Online Access: | An electronic book accessible through the World Wide Web; click to view |
| Tags: |
No Tags, Be the first to tag this record!
|
MARC
| LEADER | 00000nam a2200000 i 4500 | ||
|---|---|---|---|
| 001 | 0000175398 | ||
| 005 | 20171002063952.0 | ||
| 006 | m o d | ||
| 007 | cr cn||||||||| | ||
| 008 | 131022s2013 enk ob 001 0 eng|d | ||
| 020 | |z 144384845X | ||
| 020 | |z 9781443848459 | ||
| 020 | |a 9781443853224 (e-book) | ||
| 035 | |a (CaPaEBR)ebr10778149 | ||
| 035 | |a (OCoLC)861081537 | ||
| 040 | |a CaPaEBR |b eng |e rda |e pn |c CaPaEBR | ||
| 050 | 1 | 4 | |a RC514 |b .B87 2013eb |
| 082 | 0 | 4 | |a 295 |
| 100 | 1 | |a Burke, Lillian. | |
| 245 | 1 | 4 | |a The deconstructive owl of Minerva : |b an examination of schizophrenia through philosophy, psychoanalysis and postmodernism / |c by Dr. Lillian Burke. |
| 264 | 1 | |a Newcastle upon Tyne, UK : |b Cambridge Scholars Publishing, |c 2013. | |
| 300 | |a 1 online resource (295 pages) | ||
| 336 | |a text |2 rdacontent | ||
| 337 | |a computer |2 rdamedia | ||
| 338 | |a online resource |2 rdacarrier | ||
| 504 | |a Includes bibliographical references and index. | ||
| 588 | |a Description based on online resource; title from PDF title page (ebrary, viewed October 31, 2013). | ||
| 590 | |a Electronic reproduction. Palo Alto, Calif. : ebrary, 2013. Available via World Wide Web. Access may be limited to ebrary affiliated libraries. | ||
| 650 | 0 | |a Schizophrenia. | |
| 650 | 0 | |a Philosophy. | |
| 655 | 0 | |a Electronic books. | |
| 797 | 2 | |a ebrary. | |
| 856 | 4 | 0 | |u http://site.ebrary.com/lib/daystar/Doc?id=10778149 |z An electronic book accessible through the World Wide Web; click to view |
| 908 | |a 170314 | ||
| 942 | 0 | 0 | |c EB |
| 999 | |c 164539 |d 164539 | ||